<?xml version="1.0" encoding="UTF-8"?>
<record
    xmlns:xsi="http://www.w3.org/2001/XMLSchema-instance"
    xsi:schemaLocation="http://www.loc.gov/MARC21/slim http://www.loc.gov/standards/marcxml/schema/MARC21slim.xsd"
    xmlns="http://www.loc.gov/MARC21/slim">

  <leader>01964nam a22002057a 4500</leader>
  <controlfield tag="005">20250701111253.0</controlfield>
  <controlfield tag="008">250701b        |||||||| |||| 00| 0 eng d</controlfield>
  <datafield tag="020" ind1=" " ind2=" ">
    <subfield code="a">9789390260836</subfield>
  </datafield>
  <datafield tag="040" ind1=" " ind2=" ">
    <subfield code="c">AL</subfield>
  </datafield>
  <datafield tag="041" ind1=" " ind2=" ">
    <subfield code="a">English</subfield>
  </datafield>
  <datafield tag="082" ind1=" " ind2=" ">
    <subfield code="a">338.9054</subfield>
    <subfield code="b">SUBI</subfield>
  </datafield>
  <datafield tag="100" ind1=" " ind2=" ">
    <subfield code="a">Krishnamurthy Subramanian</subfield>
    <subfield code="9">216691</subfield>
  </datafield>
  <datafield tag="245" ind1=" " ind2=" ">
    <subfield code="a">India @100 </subfield>
    <subfield code="b">: envisioning tomorrows economic powerhouse</subfield>
  </datafield>
  <datafield tag="260" ind1=" " ind2=" ">
    <subfield code="a">New Delhi</subfield>
    <subfield code="b">Rupa Publications</subfield>
    <subfield code="c">2024</subfield>
  </datafield>
  <datafield tag="300" ind1=" " ind2=" ">
    <subfield code="a">xxii,497 p.</subfield>
    <subfield code="b">HB</subfield>
    <subfield code="c">22x13cm.</subfield>
  </datafield>
  <datafield tag="365" ind1=" " ind2=" ">
    <subfield code="b">&#x20B9;995.00</subfield>
    <subfield code="c">&#x20B9;</subfield>
    <subfield code="d">&#x20B9;995.00</subfield>
  </datafield>
  <datafield tag="520" ind1=" " ind2=" ">
    <subfield code="a">In India@100: Envisioning Tomorrow&#x2019;s Economic Powerhouse, Krishnamurthy Subramanian explores this once-in-several-centuries opportunity knocking on India&#x2019;s doors. With a bold vision grounded in Indian realities, India@100 argues compellingly that India is at an inflection point that cannot be ignored. The country can grow at 8 per cent annually by reforming the economy zealously and doubling down on the sound policies implemented post 2014. Since 2007, when its GDP per capita was equal to India&#x2019;s current level, China exploited its demographic dividend to grow at about 8 percent for about two decades. Similar growth for the next two decades will make India a $55 trillion economy by 2047.Through meticulous research and insightful analysis, Subramanian explores four key pillars to propel India&#x2019;s growth: (i) macroeconomic emphasis on growth; (ii) microeconomic focus on social and economic inclusion; (iii) a vision of ethical wealth creation; and (iv) a strategy of a virtuous cycle triggered by investment. Within each pillar, he comprehensively covers the policy choices and the areas that require reform. India@100 effortlessly ignites the reader&#x2019;s imagination and inspires a collective drive towards a future where India emerges as a dominant economic force. This is an invaluable book for anyone interested in the rise of the Indian economy.</subfield>
  </datafield>
  <datafield tag="650" ind1=" " ind2=" ">
    <subfield code="2">Economics</subfield>
    <subfield code="a">Development Economics</subfield>
    <subfield code="9">216685</subfield>
  </datafield>
  <datafield tag="942" ind1=" " ind2=" ">
    <subfield code="2">ddc</subfield>
    <subfield code="c">DB</subfield>
  </datafield>
  <datafield tag="999" ind1=" " ind2=" ">
    <subfield code="c">234566</subfield>
    <subfield code="d">234566</subfield>
  </datafield>
  <datafield tag="952" ind1=" " ind2=" ">
    <subfield code="0">0</subfield>
    <subfield code="1">0</subfield>
    <subfield code="2">ddc</subfield>
    <subfield code="4">0</subfield>
    <subfield code="7">0</subfield>
    <subfield code="8">ECO</subfield>
    <subfield code="a">AL</subfield>
    <subfield code="b">AL</subfield>
    <subfield code="d">2025-05-20</subfield>
    <subfield code="g">995.00</subfield>
    <subfield code="l">0</subfield>
    <subfield code="o">338.9054 SUBI</subfield>
    <subfield code="p">D06303</subfield>
    <subfield code="r">2025-07-01 11:05:21</subfield>
    <subfield code="v">995.00</subfield>
    <subfield code="w">2025-07-01</subfield>
    <subfield code="y">DB</subfield>
  </datafield>
  <datafield tag="952" ind1=" " ind2=" ">
    <subfield code="0">0</subfield>
    <subfield code="1">0</subfield>
    <subfield code="2">ddc</subfield>
    <subfield code="4">0</subfield>
    <subfield code="7">0</subfield>
    <subfield code="8">ECO</subfield>
    <subfield code="a">AL</subfield>
    <subfield code="b">AL</subfield>
    <subfield code="d">2025-05-20</subfield>
    <subfield code="g">995.00</subfield>
    <subfield code="l">0</subfield>
    <subfield code="o">338.9054 SUBI</subfield>
    <subfield code="p">D06304</subfield>
    <subfield code="r">2025-07-01 11:05:21</subfield>
    <subfield code="v">995.00</subfield>
    <subfield code="w">2025-07-01</subfield>
    <subfield code="y">DB</subfield>
  </datafield>
</record>
